Rangasangatya (Record no. 152661)

MARC details
000 -LEADER
fixed length control field 00541nam a2200205Ia 4500
003 - CONTROL NUMBER IDENTIFIER
control field OSt
005 - DATE AND TIME OF LATEST TRANSACTION
control field 20251216121031.0
008 - FIXED-LENGTH DATA ELEMENTS--GENERAL INFORMATION
fixed length control field 210210b2012 xxu||||| |||| 00| 0 eng d
040 ## - CATALOGING SOURCE
Transcribing agency AL
041 ## - LANGUAGE CODE
Language code of text/sound track or separate title Kannada
082 ## - DEWEY DECIMAL CLASSIFICATION NUMBER
Classification number K894.209 VIJR
100 ## - MAIN ENTRY--PERSONAL NAME
Personal name VIJAYA
Dates associated with a name ವಿಜಯಾ
9 (RLIN) 249225
245 ## - TITLE STATEMENT
Title Rangasangatya
Remainder of title ರಂಗಸಾಂಗತ್ಯ
260 ## - PUBLICATION, DISTRIBUTION, ETC.
Place of publication, distribution, etc. BengaLUru
Name of publisher, distributor, etc. Ila Prakashana
Date of publication, distribution, etc. 2012
300 ## - PHYSICAL DESCRIPTION
Extent x,254
650 ## - SUBJECT ADDED ENTRY--TOPICAL TERM
Topical term or geographic name entry element RangasAngatya
9 (RLIN) 249226
690 ## - LOCAL SUBJECT ADDED ENTRY--TOPICAL TERM (OCLC, RLIN)
Topical term or geographic name as entry element Kannada Drama Criticism
9 (RLIN) 249227
906 ## - LOCAL DATA ELEMENT F, LDF (RLIN)
a 068314
942 ## - ADDED ENTRY ELEMENTS (KOHA)
Source of classification or shelving scheme Dewey Decimal Classification
Koha item type Book
Holdings
Withdrawn status Lost status Source of classification or shelving scheme Damaged status Not for loan Collection code Home library Current library Shelving location Date acquired Source of acquisition Cost, normal purchase price Total Checkouts Full call number Barcode Date last seen Price effective from Koha item type
    Dewey Decimal Classification     Kannada St Aloysius Library St Aloysius Library   02/17/2021 Navakarnataka Publication Pvt Ltd Mangalore 180.00   K894.209 VIJR 068314 02/17/2021 02/17/2021 Book